Zovšeobecnenie postupov zverejňovania SDG vo výročných správach najväčších poľnohospodárskych spoločností v EÚ diplomová práca

Salvato in:
Dettagli Bibliografici
Autore principale: Paľová, Zuzana
Ente Autore: Fakulta hospodárskej informatiky EU. Katedra účtovníctva a audítorstva
Altri autori: Serpeninova, Yuliia, 1984-
Natura: Libro
Lingua:slovacco
Pubblicazione: Bratislava 2025
Tags: Aggiungi Tag
Nessun Tag, puoi essere il primo ad aggiungerne!!

MARC

LEADER 00000nbm a2200000 4500
001 0310600
005 20251208124216.2
041 0 |a slo 
044 |a SK 
245 1 0 |a Zovšeobecnenie postupov zverejňovania SDG vo výročných správach najväčších poľnohospodárskych spoločností v EÚ  |b diplomová práca  |c Zuzana Paľová ; školiteľ: Yuliia Serpeninova 
264 1 |a Bratislava  |c 2025 
300 |a 62 s. 
100 1 |a Paľová, Zuzana 
700 1 |a Serpeninova, Yuliia, 1984- 
710 2 |a Fakulta hospodárskej informatiky EU. Katedra účtovníctva a audítorstva